000 00293nam a2200097Ia 4500
008 171204s9999 xx 000 0 und d
245 _aEntrepreneurial Marketing: Global Perspectives
260 _c2013
650 _xMARKETING MANAGEMENT
856 _uhttp://down.ebook777.com/027/EntMarGloPer.pdf
999 _c347048
_d347048